|
|
|
|
| LEADER |
02980nam a2200757 a 4500 |
| 001 |
nkc20092012928 |
| 003 |
CZ PrNK |
| 005 |
20100128151057.0 |
| 007 |
ta |
| 008 |
091127s2009 xr acfhe 001 0bcze |
| 015 |
|
|
|a cnb002012928
|
| 020 |
|
|
|a 978-80-200-1780-2
|q (váz.)
|
| 035 |
|
|
|a (OCoLC)505914985
|
| 040 |
|
|
|a OLA001
|b cze
|d ABA001
|
| 041 |
0 |
|
|a cze
|b eng
|
| 043 |
|
|
|a e-xr---
|
| 045 |
|
|
|a w0w7
|
| 072 |
|
7 |
|a 316.7
|x Sociologie kultury. Kulturní život
|2 Konspekt
|9 1
|
| 072 |
|
7 |
|a 929
|x Biografie
|2 Konspekt
|9 8
|
| 080 |
|
|
|a 82-055.2-058.833
|2 MRF
|
| 080 |
|
|
|a 316.343-057.3
|2 MRF
|
| 080 |
|
|
|a 821.162.3-055.2
|2 MRF
|
| 080 |
|
|
|a 929
|2 MRF
|
| 080 |
|
|
|a 316.72/.75-027.22
|2 MRF
|
| 080 |
|
|
|a 316.3
|2 MRF
|
| 080 |
|
|
|a 323
|2 MRF
|
| 080 |
|
|
|a (437.3)
|2 MRF
|
| 080 |
|
|
|a (092)
|2 MRF
|
| 080 |
|
|
|a (048.8)
|2 MRF
|
| 100 |
1 |
|
|a Pokorná, Magdaléna,
|d 1961-
|7 xx0000806
|4 aut
|
| 245 |
1 |
0 |
|a Josef Němec :
|b neobyčejný muž neobyčejné ženy /
|c Magdaléna Pokorná
|
| 246 |
3 |
0 |
|a Neobyčejný muž neobyčejné ženy
|
| 250 |
|
|
|a Vyd. 1.
|
| 260 |
|
|
|a Praha :
|b Academia,
|c 2009
|
| 300 |
|
|
|a 332 s., [16] s. obr. příl. :
|b il., portréty, faksim. ;
|c 21 cm
|
| 490 |
1 |
|
|a Historie
|
| 504 |
|
|
|a Obsahuje bibliografie, bibliografické odkazy a rejstřík
|
| 546 |
|
|
|a Anglické resumé
|
| 600 |
1 |
7 |
|a Němec, Josef,
|d 1805-1879
|7 jk01083072
|2 czenas
|
| 600 |
1 |
7 |
|a Němcová, Božena,
|d 1820-1862
|7 jk01083016
|2 czenas
|
| 648 |
|
4 |
|a 1805-1879
|
| 650 |
0 |
7 |
|a manželé spisovatelek
|7 ph559001
|z Česko
|y 19. století
|2 czenas
|
| 650 |
0 |
7 |
|a úředníci
|7 ph138987
|z Česko
|y 19. století
|2 czenas
|
| 650 |
0 |
7 |
|a české spisovatelky
|7 ph128153
|y 19. století
|2 czenas
|
| 650 |
0 |
7 |
|a manželé spisovatelek
|7 ph559001
|x partnerské a rodinné vztahy
|2 czenas
|
| 650 |
0 |
7 |
|a kulturní život
|7 ph122030
|z Česko
|y 19. století
|2 czenas
|
| 650 |
0 |
7 |
|a společnost
|7 ph116245
|z Česko
|y 19. století
|2 czenas
|
| 650 |
0 |
9 |
|a women authors' spouses
|z Czechia
|y 19th century
|2 eczenas
|
| 650 |
0 |
9 |
|a officials
|z Czechia
|y 19th century
|2 eczenas
|
| 650 |
0 |
9 |
|a Czech women authors
|y 19th century
|2 eczenas
|
| 650 |
0 |
9 |
|a women authors' spouses
|x partner and family relationships
|2 eczenas
|
| 650 |
0 |
9 |
|a cultural life
|z Czechia
|y 19th century
|2 eczenas
|
| 650 |
0 |
9 |
|a society
|z Czechia
|y 19th century
|2 eczenas
|
| 651 |
|
7 |
|a Česko
|7 ge128065
|x společnost a politika
|y 19. století
|2 czenas
|
| 651 |
|
9 |
|a Czechia
|x society and politics
|y 19th century
|2 eczenas
|
| 655 |
|
7 |
|a biografie
|7 fd131909
|2 czenas
|
| 655 |
|
7 |
|a studie
|7 fd133597
|2 czenas
|
| 655 |
|
9 |
|a biography
|2 eczenas
|
| 655 |
|
9 |
|a studies
|2 eczenas
|
| 830 |
|
0 |
|a Historie (Academia)
|0 s
|
| 856 |
4 |
1 |
|u http://www.digitalniknihovna.cz/mzk/uuid/uuid:7522b460-2e9d-11e5-9641-005056827e52
|y Digitalizovaný dokument
|x NDK
|
| 910 |
2 |
|
|a BOA001
|b 2-1234.596
|
| 990 |
|
|
|a BK
|
| 995 |
|
|
|a 01
|
| 991 |
|
|
|b 201001
|c NOV
|j 316.7 POK
|
| 996 |
6 |
|
|b 2610377321
|c 2-1234.596
|l MZK
|r Sklad / do 1 hodiny
|n 11
|p p.v.
|w 001101194
|u 000010
|a 1
|e BOA001
|j MZK50
|s P
|